CEPAL recomienda políticas más activas contra la desigualdad en educación

Guardado en:
Bibliografiske detaljer
Format: Texto
Tags: Tilføj Tag
Ingen Tags, Vær først til at tagge denne postø!

MARC

LEADER 00000 a a2200000 04500
001 10288
003
040
245 |a CEPAL recomienda políticas más activas contra la desigualdad en educación  
773 |g número 55; páginas 1 y 6  
999 |c 30612  |d 30612